000 00223nam a22000857a 4500
008 160804b xxu||||| |||| 00| 0 eng d
100 _932
_aJames H
245 _aA book of Quotations
260 _aNew Delhi
_bRohan Publications
_c2005
999 _c2683
_d2683